000 00815nam a2200301 a 4500
001 000114440
003 CHAP
005 20220329144441.0
008 180126s2010 mx a |r| ||||||spa d
010 _a110901
011 _a111873
020 _a9706278532
020 _a978-970-627-853-1
040 _cCHAP
082 0 4 _a306.7
_bS51
245 0 0 _aSexo tántrico :
_bpara mejorar tu relación de pareja.
260 _aMéxico, D.F. :
_bEditorial Época,
_c2010.
300 _a79 P.
590 _aBATCH-UPD
_b05
_c20180126
_lUCH01
_h1110
590 _aE5765TAJ
_b05
_c20180126
_lUCH01
_h1109
650 1 4 _aArte tántrico.
_9134490
650 1 4 _aÉtica sexual.
_9134427
650 1 4 _aRelaciones sexuales.
_9134491
650 1 4 _aSexualidad humana.
_9105427
901 _aBK
942 _cLIBRO
942 _n0
999 _c110901
_d110901